Catálogo - Centro de Recursos para el Aprendizaje y la Investigación

Volver al Sitio - CRAI Biblioteca

12 reglas para vivir : (Registro nro. 114209)

Detalles MARC
000 -CABECERA
campo de control de longitud fija 01696cam a22002895i 4500
001 - NÚMERO DE CONTROL
campo de control 114209
003 - IDENTIFICADOR DEL NÚMERO DE CONTROL
campo de control DR-UNIBE
005 - FECHA Y HORA DE LA ÚLTIMA TRANSACCIÓN
campo de control 20251114102833.0
008 - DATOS DE LONGITUD FIJA--INFORMACIÓN GENERAL
campo de control de longitud fija 180130t2018 sp a b 001 0 spa d
020 ## - NÚMERO INTERNACIONAL ESTÁNDAR DEL LIBRO
Número Internacional Estándar del Libro 9788408293811
040 ## - FUENTE DE LA CATALOGACIÓN
Centro catalogador/agencia de origen BIBLIOTECA UNIBE
Centro/agencia transcriptor BIBLIOTECA UNIBE
Normas de descripción rda
041 ## - CÓDIGO DE LENGUA
Código de lengua del texto/banda sonora o título independiente spa
Código de lengua original eng
082 04 - NÚMERO DE LA CLASIFICACIÓN DECIMAL DEWEY
Número de clasificación 170.44 P485r
Número de edición 23
100 1# - ENTRADA PRINCIPAL--NOMBRE DE PERSONA
Nombre de persona Peterson, Jordan B.,
Término indicativo de función/relación autor
9 (RLIN) 200696
245 10 - MENCIÓN DE TÍTULO
Título 12 reglas para vivir :
Resto del título un antídoto al caos /
Mención de responsabilidad, etc. Jordan B. Peterson
264 #1 - PRODUCCIÓN, PUBLICACIÓN, DISTRIBUCIÓN, FABRICACIÓN Y COPYRIGHT
Producción, publicación, distribución, fabricación y copyright Barcelona :
Nombre del de productor, editor, distribuidor, fabricante Editorial Grupo Planeta,
Fecha de producción, publicación, distribución, fabricación o copyright 2018
300 ## - DESCRIPCIÓN FÍSICA
Extensión 510 páginas :
Otras características físicas ilustraciones
505 ## - NOTA DE CONTENIDO CON FORMATO
Nota de contenido con formato 1. Enderézate y mantén los hombros hacia atrás |<br/> 2. Trátate a ti mismo como si fueras alguien que depende de ti |<br/> 3. Trabaja amistad con aquellas personas que quieran lo mejor para ti |<br/> 4. No te compares con otro, compárate con quien eras tú antes |<br/> 5. No permitas que tus hijos hagan cosas que detestes |<br/> 6. Antes de criticar a alguien, asegúrate de tener tu vida en perfecto orden |<br/> 7. Dedica tus esfuerzos a hacer cosas con significado, no aquello que más te convenga |<br/> 8. Di la verdad, o por lo menos no mientas |<br/> 9. Da por hecho que la persona a la que escuchas puede saber algo que tú no sabes |<br/> 10. A la hora de hablar, exprésate con precisión |<br/> 11. Deja en paz a los chavales que montan en monopatín |<br/> 12. Si te encuentras un gato por la calle, acarícialo |<br/> Conclusión |<br/>
650 #7 - PUNTO DE ACCESO ADICIONAL DE MATERIA--TÉRMINO DE MATERIA
Término de materia o nombre geográfico como elemento de entrada Conducta (Ética)
650 #7 - PUNTO DE ACCESO ADICIONAL DE MATERIA--TÉRMINO DE MATERIA
Término de materia o nombre geográfico como elemento de entrada Conducta (Psicología)
650 #7 - PUNTO DE ACCESO ADICIONAL DE MATERIA--TÉRMINO DE MATERIA
Término de materia o nombre geográfico como elemento de entrada Autoayuda
650 #7 - PUNTO DE ACCESO ADICIONAL DE MATERIA--TÉRMINO DE MATERIA
Término de materia o nombre geográfico como elemento de entrada Psicología aplicada
9 (RLIN) 8752
653 00 - TÉRMINO DE INDIZACIÓN--NO CONTROLADO
Término no controlado Conducta de vida
653 00 - TÉRMINO DE INDIZACIÓN--NO CONTROLADO
Término no controlado Crecimiento personal
700 ## - PUNTO DE ACCESO ADICIONAL--NOMBRE DE PERSONA
Nombre de persona Ruiz Herrero, Juan
Término indicativo de función/relación traductor
9 (RLIN) 200702
942 ## - ELEMENTOS DE PUNTO DE ACCESO ADICIONAL (KOHA)
Fuente del sistema de clasificación o colocación Sistema de Clasificación Decimal Dewey
Tipo de ítem Koha Libro (general)
Existencias
Estado de retiro Estado de pérdida Fuente del sistema de clasificación o colocación No para préstamo Código de colección Localización permanente Ubicación en estantería Fecha de adquisición Total de préstamos Signatura topográfica completa Código de barras Fecha visto por última vez Número de copia Precio válido a partir de Tipo de ítem Koha Renovaciones totales Fecha del último préstamo En préstamo
  Disponible Sistema de Clasificación Decimal Dewey   Reserva Biblioteca Central UNIBE Área de exhibición 12/11/2025   170.44 P485r 251137 12/11/2025 Ej. 1 12/11/2025 Libro (reserva)      
  Disponible Sistema de Clasificación Decimal Dewey   General Biblioteca Central UNIBE   12/11/2025 2 170.44 P485r 251138 20/04/2026 Ej. 2 12/11/2025 Libro (general) 3 13/03/2026  
  Disponible Sistema de Clasificación Decimal Dewey   General Biblioteca Central UNIBE   12/11/2025 4 170.44 P485r 251139 27/05/2026 Ej. 3 12/11/2025 Libro (general)   27/05/2026 10/06/2026